This is illustration! European Ilustrators.
-д хадгалсан:
| Үндсэн зохиолч: | |
|---|---|
| Формат: | Ном |
| Хэвлэсэн: |
Barcelona, España:
Instituto Monsa de Ediciones,
2011.
|
| Нөхцлүүд: | |
| Шошгууд: |
Шошго нэмэх
Шошго байхгүй, Энэхүү баримтыг шошголох эхний хүн болох!
|
MARC
| LEADER | 00000nam a22000007a 4500 | ||
|---|---|---|---|
| 003 | CL-VaPUC | ||
| 005 | 20250321101913.0 | ||
| 008 | 250108t2011 ||||| |||| 00| 0 eng d | ||
| 999 | |c 446377 |d 446375 | ||
| 020 | |a 978-84-15223-00-9 | ||
| 040 | |c Pontificia Universidad Católica de Valparaíso | ||
| 082 | |a 741.9 MIN 2011 | ||
| 100 | |9 895125 |a Minguet Cámara, Eva |e autora | ||
| 245 | |a This is illustration! |b European Ilustrators. | ||
| 260 | |a Barcelona, España: |b Instituto Monsa de Ediciones, |c 2011. | ||
| 300 | |a 96 páginas: |b ilustraciones. | ||
| 500 | |a c.1-c.3 Instituto Arcos 08-01-2025 | ||
| 583 | |c 20250108 |k Gabriela Rodríguez Cuevas | ||
| 650 | 0 | |9 264123 |a Dibujos |v Colección |z Europa | |
| 650 | 0 | |9 856987 |a Artistas |x Ilustraciones |z Europa | |
| 942 | |2 ddc |c BK |n 0 | ||
| 952 | |0 0 |1 0 |2 ddc |4 0 |6 741_900000000000000_MIN_2011 |7 0 |8 A |9 598988 |a BIBINC |b BIBINC |d 2025-01-08 |e Instituto Arcos |i 5663930 |o 741.9 MIN 2011 |p 5663930 |r 2025-01-08 |t 1 |w 2025-01-08 |y BK |k IFP | ||
| 952 | |0 0 |1 0 |2 ddc |4 0 |6 741_900000000000000_MIN_2011 |7 0 |8 A |9 598989 |a BIBINC |b BIBINC |d 2025-01-08 |e Instituto Arcos |i 5663929 |o 741.9 MIN 2011 |p 5663929 |r 2025-01-08 |t 2 |w 2025-01-08 |y BK |k IFP | ||
| 952 | |0 0 |1 0 |2 ddc |4 0 |6 741_900000000000000_MIN_2011 |7 0 |8 A |9 598990 |a BIBINC |b BIBINC |d 2025-01-08 |e Instituto Arcos |i 5663928 |o 741.9 MIN 2011 |p 5663928 |r 2025-01-08 |t 3 |w 2025-01-08 |y BK |k IFP | ||